000
00277nam a2200109Ia 4500
008
191201s2014 xx 000 0 und d
100
_a
KUROSE, James F
245
0
_a
Computer Networks a Top-Down Approach
250
_a
5th
260
_c
2014
_b
pearson
_a
NEW DELHI
942
_2
ddc
_c
BK
999
_c
7933
_d
7933